000 00765cam a22002533a 4500
001 7344
003 PGUSA
005 20140828083143.0
008 050101s2005||||xxu|||||s|||||000 1 eng d
040 _aPGUSA
_beng
042 _adc
050 4 _aPS
100 1 _aHawthorne, Julian,
_d1846-1934
245 1 0 _aArchibald Malmaison
_h[electronic resource] /
_cJulian Hawthorne
260 _bProject Gutenberg,
_c2005
506 _aPublic domain in the USA.
516 _aElectronic text
653 _aAristocracy (Social class) -- Fiction
653 _aScience fiction, American
653 _aEngland -- Social life and customs -- 19th century -- Fiction
830 0 _aProject Gutenberg
_v7344
856 4 0 _uhttp://www.gutenberg.org/ebooks/7344
942 _cEB
999 _c236664
_d236664